| 000 | 00591nam a22001937a 4500 | ||
|---|---|---|---|
| 005 | 20250113155243.0 | ||
| 010 | _aENG-143354 | ||
| 020 |
_a9789382527275 _c500.00 |
||
| 035 | _aEN-126886 | ||
| 037 | _bDBAD | ||
| 082 | _a004 | ||
| 100 |
_aShetty, Meenakshi _976481 |
||
| 245 |
_aADVANCES IN COMPUTER VISION AND INFORMATION TECHNOLOGY/ _cBy Meenakshi Shetty |
||
| 260 |
_aGuwahati _bVivek books _c2016 |
||
| 270 |
_aRajnikanta Goswami path,House NO.31,Lal Ganesh _bGuwahati |
||
| 300 |
_a240p. _b22cm.(Hb). |
||
| 500 | _a includes index. | ||
| 942 |
_2ddc _cEN _h004 _mSHE |
||
| 999 |
_c208434 _d208434 |
||